Statistics for Vietnam Country Quiz

Click here to take the quiz!

General Stats

  • This quiz has been taken 25,076 times
    (12,563 since last reset)
  • The average score is 14 of 20

Answer Stats

HintAnswer% Correct
Countries which border VietnamCambodia
97%
Countries which border VietnamLaos
97%
CapitalHanoi
96%
Countries which border VietnamChina
96%
Most populous cityHo Chi Minh City
94%
Country that colonized VietnamFrance
92%
Staple cropRice
87%
Second-most common religion,
after "Vietnamese folk religions"
Buddhism
86%
Former name of that citySaigon
86%
Only political partyCommunist Party
78%
Major river that meets the sea
in southern Vietnam
Mekong
75%
Family names that account
for almost 50% of the population
Nguyen
72%
Peninsula on which Vietnam sitsIndochina
70%
What type of food is pho?Soup
69%
South Vietnamese insurgent group
that fought the U.S.
Viet Cong
65%
CurrencyDong
47%
Vietnamese New YearTet
45%
Picturesque bay composed of
about 2000 small islands
Hạ {Long} Bay
41%
Family names that account for almost 50% of the populationTran
25%
River that flows through the capitalRed
24%

Score Distribution

Percentile by Number Answered

Percent of People with Each Score

Your Score History

You have not taken this quiz since the last reset